| 000 | 00950nam a2200241 a 4500 | ||
|---|---|---|---|
| 001 | 57419 | ||
| 003 | BD-RjUL | ||
| 005 | 20211209080518.0 | ||
| 008 | 161210s2014 bg ||||| |||| 00| 0 ben d | ||
| 020 | _c: TK 400.00 | ||
| 035 | _a(BD-RjUL)57543 | ||
| 040 |
_aBD-RjUL _bben _cBD-RjUL |
||
| 041 | _aben | ||
| 082 |
_223 _a001.42 _bSIG 2014 |
||
| 100 |
_aসিদ্দীকী, আ.ব.ম. সাইফুল ইসলাম _9170510 |
||
| 245 | 1 | 0 |
_aগবেষণা পদ্ধতি ও কৌশল = Research methods and techniques / _cআ.ব.ম. সাইফুল ইসলাম সিদ্দীকী |
| 250 | _a২য় সং. | ||
| 260 |
_aঢাকা : _bরাহিন-রাশাদ প্রকাশনী, _c২০১৪ |
||
| 300 |
_a৩৩৬ পৃ. ; _c২১ সেমি. |
||
| 650 |
_aগবেষণা পদ্ধতি _9170511 |
||
| 650 |
_aResearch Methods _9170512 |
||
| 942 |
_2ddc _cBK _04 |
||
| 999 |
_c57419 _d57419 |
||